Communication Skills (Record no. 6298)

MARC details
000 -LEADER
fixed length control field 00437nam a22001817a 4500
005 - DATE AND TIME OF LATEST TRANSACTION
control field 20200518154522.0
008 - FIXED-LENGTH DATA ELEMENTS--GENERAL INFORMATION
fixed length control field 200518b xxu||||| |||| 00| 0 eng d
020 ## - INTERNATIONAL STANDARD BOOK NUMBER
ISBN 9789384875190
041 ## - LANGUAGE CODE
Language code of text/sound track or separate title eng
082 ## - DEWEY DECIMAL CLASSIFICATION NUMBER
Classification number 302.22 MIT
100 ## - MAIN ENTRY--AUTHOR NAME
Personal name Mittal Dr.Chanchal
245 ## - TITLE STATEMENT
Title Communication Skills
250 ## - EDITION STATEMENT
Edition statement 1'st
260 ## - PUBLICATION, DISTRIBUTION, ETC. (IMPRINT)
Place of publication Modinagar (UP)
Name of publisher Unnati Publication
Year of publication 2019
300 ## - PHYSICAL DESCRIPTION
Number of Pages 75
650 ## - SUBJECT ADDED ENTRY--TOPICAL TERM
Topical Term Pharmacy
942 ## - ADDED ENTRY ELEMENTS (KOHA)
Koha item type Books
Holdings
Lost status Damaged status Collection code Home library Current library Shelving location Date acquired Source of acquisition Cost, normal purchase price Full call number Accession Number Koha item type
    Reference JRU Library JRU Library SHELF - 10 - E 18/05/2020 PURCHASE 75.00 302.22 MIT 24080 Books
    LIFE SKILL JRU Library JRU Library SHELF-102-D 18/05/2020 PURCHASE 75.00 302.22 MIT 24081 Books
    LIFE SKILL JRU Library JRU Library SHELF-102-D 18/05/2020 PURCHASE 75.00 302.22 MIT 24082 Books
    LIFE SKILL JRU Library JRU Library SHELF-102-D 18/05/2020 PURCHASE 75.00 302.22 MIT 24083 Books
    LIFE SKILL JRU Library JRU Library SHELF-102-D 18/05/2020 PURCHASE 75.00 302.22 MIT 24084 Books